Des capitales peuvent en cacher d'autres - Statistiques

Statistiques générales
  • Ce quiz a été pris 52 fois
    34 depuis la dernière actualisation
  • Le résultat moyen est 6 sur 15
Statistiques - réponses
Capitale première Autres capitales Nombre de capitales % Correct
Manille Lima / Malé 2
76%
Sri Jayawardenepura Kotte Yaren / Apia / Ankara / Dakar / Ottawa / Paris / Praia / Pekin / Pretoria / Riyad / Roseau / Sanaa / Skopje / Tarawa-Sud / Tirana / Tunis 16
67%
Kaboul Bakou 1
55%
Singapour Riga / Paris 2
55%
Caracas Accra 1
45%
Bandar Seri Begawan Riga / Berne / Sanaa 3
42%
Luxembourg Lome / Rome 2
39%
Vientiane Vienne 1
36%
Islamabad Damas / Lima 1
33%
Port Louis Oslo 1
24%
Paramaribo Praia / Apia 1
24%
Monrovia Moroni 1
18%
Port Moresby Rome 1
18%
Wellington Lilongwe 1
15%
Saint Domingue Tunis 1
12%
Aucun quiz correspondant
Distribution des résultats
% des personnes avec chaque résultat
Percentile par nombre de réponses
Votre historique - résultats
Vous n’avez pas pris ce quiz depuis la dernière actualisation